De molenaar's dochter, (Record no. 6157)
[ view plain ]
| 000 -LEADER | |
|---|---|
| fixed length control field | 00652cam a22002291 4500 |
| 001 - CONTROL NUMBER | |
| control field | af 48004652 |
| 003 - CONTROL NUMBER IDENTIFIER | |
| control field | DLC |
| 005 - DATE AND TIME OF LATEST TRANSACTION | |
| control field | 20260227110909.0 |
| 008 - FIXED-LENGTH DATA ELEMENTS--GENERAL INFORMATION | |
| fixed length control field | 890530s1944 be 000 1 dut c |
| 010 ## - LIBRARY OF CONGRESS CONTROL NUMBER | |
| LC control number | af 48004652 |
| 035 ## - SYSTEM CONTROL NUMBER | |
| System control number | (OCoLC)19786048 |
| 040 ## - CATALOGING SOURCE | |
| Original cataloging agency | California. Univ. Libr. |
| Transcribing agency | CU |
| Modifying agency | DLC |
| 041 1# - LANGUAGE CODE | |
| Language code of text/sound track or separate title | dut |
| Language code of original | ger |
| 042 ## - AUTHENTICATION CODE | |
| Authentication code | premarc |
| 050 00 - LIBRARY OF CONGRESS CALL NUMBER | |
| Classification number | PT2642.I59 |
| Item number | H43 |
| 100 1# - MAIN ENTRY--PERSONAL NAME | |
| Personal name | Timpe, Paul. |
| 245 13 - TITLE STATEMENT | |
| Title | De molenaar's dochter, |
| Remainder of title | roman, |
| Statement of responsibility, etc. | door Paul Hain [pseud.] |
| 260 ## - PUBLICATION, DISTRIBUTION, ETC. | |
| Place of publication, distribution, etc. | Antwerpen, |
| Name of publisher, distributor, etc. | Uitgeverij Westernis |
| Date of publication, distribution, etc. | [1944] |
| 300 ## - PHYSICAL DESCRIPTION | |
| Extent | 158 p. |
| Dimensions | 17 cm. |
| 440 #3 - SERIES STATEMENT/ADDED ENTRY--TITLE | |
| Title | De Briljant uitgave, |
| Volume/sequential designation | nr. 18 |
| 500 ## - GENERAL NOTE | |
| General note | Translation of Die Herrgottmühle. |
No items available.